|
|
|
|
| LEADER |
00000cam a2200000 7i4500 |
| 001 |
0000012843 |
| 005 |
20080626.0 |
| 008 |
080103 |
| 020 |
|
|
|a 9832636205
|
| 090 |
0 |
0 |
|a 340.59
|b PEM
|
| 245 |
1 |
0 |
|a Pembangunan undang-undang di rantau Asean
|c Abdul Monir Yaacob,Suzalie Mohamad
|
| 260 |
|
|
|a Kuala Lumpur :
|b Institut Kefahaman Islam Malaysia ,
|c 2002
|
| 650 |
|
0 |
|a Islamic law
|z Asia, Southeastern
|
| 650 |
|
0 |
|a Law
|z Asia, Southeastern
|
| 700 |
0 |
|
|a Abdul Monir Yaacob
|
| 700 |
0 |
|
|a Suzalie Mohamad
|
| 999 |
|
|
|a 0001010656
|b Book
|c Adult Collection
|e Cawangan AEON Kulaijaya
|
| 999 |
|
|
|a 0001010657
|b Book
|c Adult Collection
|e Cawangan Tmn. Ungku Tun Aminah
|
| 999 |
|
|
|a 0001012046
|b Book
|c Adult Collection
|e Cawangan AEON Kulaijaya
|
| 999 |
|
|
|a 0001023919
|b Book
|c Adult Collection
|e Perbadanan Perpustakaan Awam Johor
|